Réfs de Friends - B - Statistiques

Statistiques générales
  • Ce quiz a été pris 353 fois
  • Le résultat moyen est 11 sur 16
Statistiques - réponses
Par images Hint Réponse % Correct
Prénom Ben
100%
Nom Bing
99%
Nom Buffay
96%
Où ont-ils oublié le bébé ? Bus
92%
Monica en prépare un à Chandler pour qu'il se détende Bain
90%
Endroit où la tante de Ross l'embrasse tout le temps Bouche
88%
Prénom Barry
77%
Lieu où Ross doit faire une conférence la Barbade
70%
Dans quoi sont coincés les bébés poussins ? Baby Foot
68%
Nom Burke
66%
Prénom Bob
62%
Cadeau de Phoebe à Joey, après la tarentule Batterie
61%
Par quoi remplace-t-il le poisson ? Biscuit
53%
Prénom Bonnie
43%
Chose qu'il a créée Boule de feu
42%
Déguisement Binchnik
15%
Aucun quiz correspondant
Distribution des résultats
% des personnes avec chaque résultat
Percentile par nombre de réponses
Votre historique - résultats
Vous n’avez pas pris ce quiz